A szegedi egyetem hallgatóinak létszáma
Elmentve itt :
| Dokumentumtípus: | Cikk |
|---|---|
| Megjelent: |
1938-10-06
|
| Sorozat: | Délmagyarország
14 No. 215 |
| Kulcsszavak: | Hallgatói létszám Szeged 1938 |
| Online Access: | http://dmarchiv.bibl.u-szeged.hu/50210 |
| LEADER | 00430nab a2200145 i 4500 | ||
|---|---|---|---|
| 001 | delm50210 | ||
| 005 | 20180927134832.0 | ||
| 008 | 180927s1938 hu o 0|| hun d | ||
| 040 | |a SZTE Délmagyarország Archívum |b hun | ||
| 041 | |a hun | ||
| 245 | 0 | 2 | |a A szegedi egyetem hallgatóinak létszáma |h [elektronikus dokumentum] |
| 260 | |c 1938-10-06 | ||
| 300 | |a 6 | ||
| 490 | 0 | |a Délmagyarország |v 14 No. 215 | |
| 695 | |a Hallgatói létszám Szeged 1938 | ||